Juan Moreira /

Bibliographic Details
Main Author: Gutiérrez, Eduardo, 1851-1889
Format: Book
Language:Spanish
Published: Buenos Aires : Editorial El Boyero, 1951.
Series:Coleccion Huella gaucha.
Dramas policiales.

MARC

Tag First Indicator Second Indicator Subfields
LEADER 00000cam a2200000 i 4500
001 in00000030380
005 20151007061553.0
008 790313s1951 ag 00011 spa d
035 |a (OCoLC)04738487 
035 |9 AAD2470AM 
040 |a IXA  |c IXA  |d TXA  |d UtOrBLW 
049 |a TXAS  |c [1700887] 
090 |a PQ7797.G79  |b J8 1951b 
100 1 |a Gutiérrez, Eduardo,  |d 1851-1889. 
245 1 0 |a Juan Moreira /  |c Eduardo Gutierrez. 
264 1 |a Buenos Aires :  |b Editorial El Boyero,  |c 1951. 
300 |a 200 pages ;  |c 19 cm. 
336 |a text  |b txt  |2 rdacontent 
337 |a unmediated  |b n  |2 rdamedia 
338 |a volume  |b nc  |2 rdacarrier 
490 1 |a Coleccion Huella gaucha 
490 1 |a Dramas policiales 
830 0 |a Coleccion Huella gaucha. 
830 0 |a Dramas policiales. 
999 |a MARS 
999 f f |s 26dc07a2-c4dd-3951-9c3c-54bed3ccf613  |i d5a9cd7e-4f4f-393f-ae8d-b5cc99eb0234  |t 0 
952 f f |p noncirc  |a Texas A&M University  |b College Station  |c Cushing Memorial Library & Archives  |d Cushing: Dykes (Does not check out)  |t 0  |e PQ7797.G79 J8 1951b  |h Library of Congress classification  |i unmediated -- volume  |m A14851758467 
998 f f |a PQ7797.G79 J8 1951b  |t 0  |l Cushing: Dykes (Does not check out)